[Event "Koltanowski Memorial op"]
[Site "San Francisco"]
[Date "2000.12.15"]
[Round "2"]
[White "Krasnov, Sergey"]
[Black "Steel, David T"]
[Result "0-1"]
[WhiteElo "2322"]
[BlackElo "2043"]
[PlyCount "50"]
[EventDate "2000.12.14"]
[EventType "swiss"]
[EventRounds "9"]
[EventCountry "USA"]
[SourceTitle "CBM 079 Extra"]
[Source "ChessBase"]
[SourceDate "2001.01.11"]
[SourceVersion "2"]
[SourceVersionDate "2001.01.25"]
[SourceQuality "1"]

1. Nf3 e6 2. c4 f5 3. g3 b6 4. Bg2 Bb7 5. d4 Nf6 6. Nc3 Bb4 7. Bd2 0-0 8. 0-0 d6 9. Qb3 Bxc3 10. Bxc3 Qe7 11. e3 Nbd7 12. Rfd1 Kh8 13. Rac1 Rg8 14. a3 Raf8 15. Ne5 Bxg2 16. Nxd7 Bf3 17. Nxf8 Rxf8 18. d5 e5 19. Qc2 Ne4 20. Qd3 Rf6 21. h3 Rh6 22. Qf1 Qg5 23. Be1 Qh5 24. Kh2 g5 25. Rd2 g4 0-1

[Event "RUS-Cup"]
[Site "Moscow"]
[Date "2000.??.??"]
[Round "7"]
[White "Krasnov, Sergey"]
[Black "Vorotnikov, Vladislav V"]
[Result "0-1"]
[WhiteElo "2339"]
[BlackElo "2449"]
[PlyCount "84"]
[EventDate "2000.??.??"]
[EventType "swiss"]
[EventRounds "9"]
[EventCountry "RUS"]
[SourceTitle "EXT 2001"]
[Source "ChessBase"]
[SourceDate "2000.11.22"]
[SourceVersion "1"]
[SourceVersionDate "2000.11.22"]
[SourceQuality "1"]

1. d4 d6 2. e4 Nf6 3. Nc3 e5 4. dxe5 dxe5 5. Qxd8+ Kxd8 6. Bg5 c6 7. Nf3 Bd6 8. Bc4 Ke7 9. 0-0-0 Bc7 10. h3 Be6 11. Bb3 Nbd7 12. Nh4 h6 13. Be3 g6 14. Rhe1 Bxb3 15. axb3 b5 16. f3 Bb6 17. Bxb6 axb6 18. b4 Nf8 19. Kd2 Ne6 20. Ke3 Nh5 21. Rd2 Rhd8 22. Rxd8 Rxd8 23. Rd1 Nd4 24. Rd2 Ra8 25. Ne2 Nxe2 26. Kxe2 Ra4 27. c3 Nf4+ 28. Kf2 Ra1 29. Kg3 c5 30. bxc5 bxc5 31. Kh2 c4 32. g3 Nd3 33. f4 Ra2 34. fxe5 Rxb2 35. Nf3 Rxd2+ 36. Nxd2 b4 37. cxb4 c3 38. Nb3 c2 39. b5 c1Q 40. Nxc1 Nxc1 41. b6 Kd7 42. e6+ fxe6 0-1

[Event "RUS-Cup02"]
[Site "Moscow"]
[Date "1998.01.21"]
[Round "1"]
[White "Kharitonov, Andrei Y"]
[Black "Krasnov, Sergey"]
[Result "1-0"]
[WhiteElo "2585"]
[BlackElo "2330"]
[PlyCount "91"]
[EventDate "1998.01.21"]
[EventType "swiss"]
[EventRounds "9"]
[EventCountry "RUS"]
[SourceTitle "CBM 063"]
[Source "ChessBase"]
[SourceDate "1998.03.26"]
[SourceVersion "1"]
[SourceVersionDate "1998.03.26"]
[SourceQuality "1"]

1. d4 Nf6 2. Nf3 d6 3. c4 Nbd7 4. Nc3 e5 5. e4 Be7 6. Be2 0-0 7. 0-0 c6 8. Re1 a6 9. Bf1 Re8 10. Rb1 Bf8 11. b4 exd4 12. Nxd4 Ne5 13. h3 h6 14. f4 Ng6 15. Qf3 d5 16. cxd5 Nxd5 17. Nxd5 cxd5 18. e5 Nh4 19. Qf2 Nf5 20. Bd3 Nxd4 21. Qxd4 Qh4 22. Be3 g6 23. Bf2 Qd8 24. g4 Bg7 25. Re3 Qc7 26. Rbe1 Bd7 27. f5 g5 28. h4 gxh4 29. Bxh4 Bb5 30. Bxb5 axb5 31. Qxd5 Red8 32. Bxd8 Rxd8 33. Qe4 Rd2 34. R3e2 Rd8 35. f6 Bf8 36. a3 Qc3 37. Re3 Qb2 38. g5 Rd2 39. g6 Rh2 40. R3e2 Rxe2 41. Rxe2 Qc1+ 42. Kh2 fxg6 43. Qxg6+ Kh8 44. Rg2 Qf4+ 45. Qg3 Qc4 46. Qg4 1-0

[Event "Moscow-ch op"]
[Site "Moscow"]
[Date "1998.??.??"]
[Round "7"]
[White "Gersov, Evgeny"]
[Black "Krasnov, Sergey"]
[Result "1-0"]
[WhiteElo "2245"]
[BlackElo "2330"]
[PlyCount "65"]
[EventDate "1998.??.??"]
[EventType "swiss"]
[EventRounds "9"]
[EventCountry "RUS"]
[SourceTitle "EXT 2000"]
[Source "ChessBase"]
[SourceDate "1999.11.16"]
[SourceVersion "1"]
[SourceVersionDate "1999.11.16"]
[SourceQuality "1"]

1. e4 g6 2. d4 Bg7 3. Nc3 d6 4. Be3 c6 5. Nge2 Nd7 6. f3 b5 7. Qd2 Qa5 8. g4 h5 9. g5 b4 10. Nd1 e6 11. h4 Ne7 12. Ng3 0-0 13. Be2 c5 14. 0-0 d5 15. a3 Qc7 16. Kg2 dxe4 17. fxe4 cxd4 18. Bxd4 Qd6 19. Be3 Qxd2 20. Bxd2 bxa3 21. Rxa3 Nc6 22. c3 Rd8 23. Be3 Bf8 24. b4 Bb7 25. Ra2 Nb6 26. Nb2 Rd7 27. Rfa1 Nc8 28. Nd3 Rb8 29. b5 Nd8 30. Nc5 Rc7 31. Bf4 Bd6 32. Rd1 Kg7 33. Rad2 1-0

[Event "RUS-Cup02"]
[Site "Moscow"]
[Date "1998.??.??"]
[Round "4"]
[White "Krasnov, Sergey"]
[Black "Sinkevich, Petr"]
[Result "1-0"]
[WhiteElo "2330"]
[BlackElo "2215"]
[PlyCount "87"]
[EventDate "1998.01.21"]
[EventType "swiss"]
[EventRounds "9"]
[EventCountry "RUS"]
[SourceTitle "EXT 1999"]
[Source "ChessBase"]
[SourceDate "1998.11.16"]
[SourceVersion "1"]
[SourceVersionDate "1998.11.16"]
[SourceQuality "1"]

1. e4 e5 2. Nf3 Nc6 3. Bb5 a6 4. Ba4 Nf6 5. 0-0 Nxe4 6. d4 b5 7. Bb3 d5 8. dxe5 Be6 9. Be3 Be7 10. Nbd2 Nc5 11. a4 d4 12. Bf4 bxa4 13. Bxa4 Nxa4 14. Rxa4 Nb4 15. Ne4 Bc4 16. Re1 Bb5 17. Nd6+ cxd6 18. Rxb4 dxe5 19. Rxe5 Ra7 20. Rxd4 Rd7 21. Qe1 Rxd4 22. Nxd4 0-0 23. Nxb5 Bf6 24. Rc5 axb5 25. Rxb5 Qd4 26. Be3 Qa4 27. Rb3 h5 28. h3 h4 29. Bd2 Re8 30. Be3 Rc8 31. Qd1 Rd8 32. Qc1 Rc8 33. Bg5 Be5 34. Qd1 f6 35. Be3 Qc4 36. c3 Ra8 37. Rb4 Qe6 38. Rb6 Qc4 39. Rb4 Qa2 40. f4 Qa1 41. Qxa1 Rxa1+ 42. Kf2 Bd6 43. Rb8+ Bf8 44. c4 1-0

[Event "RUS-Cup02"]
[Site "Moscow"]
[Date "1998.??.??"]
[Round "3"]
[White "Morozevich, Alexander"]
[Black "Krasnov, Sergey"]
[Result "1-0"]
[WhiteElo "2590"]
[BlackElo "2330"]
[PlyCount "53"]
[EventDate "1998.01.21"]
[EventType "swiss"]
[EventRounds "9"]
[EventCountry "RUS"]
[SourceTitle "EXT 1999"]
[Source "ChessBase"]
[SourceDate "1998.11.16"]
[SourceVersion "1"]
[SourceVersionDate "1998.11.16"]
[SourceQuality "1"]

1. e4 g6 2. d4 Bg7 3. Nc3 d6 4. Be3 a6 5. f4 Nf6 6. Be2 c6 7. Nf3 0-0 8. Qd2 b5 9. a3 Nbd7 10. e5 Nd5 11. Nxd5 cxd5 12. Bd3 Nb6 13. b3 Bg4 14. 0-0 e6 15. h3 Bxf3 16. Rxf3 f6 17. exf6 Bxf6 18. Re1 Nd7 19. Bf2 e5 20. dxe5 dxe5 21. Bxg6 hxg6 22. Qxd5+ Kh8 23. Rd3 Bh4 24. g3 Rxf4 25. gxf4 Bxf2+ 26. Kxf2 Qh4+ 27. Ke2 1-0

[Event "RUS-Cup2"]
[Site "Moscow"]
[Date "1996.??.??"]
[Round "3"]
[White "Grebennikov, Igor"]
[Black "Krasnov, Sergey"]
[Result "0-1"]
[WhiteElo "2220"]
[BlackElo "2295"]
[PlyCount "57"]
[EventDate "1996.11.28"]
[EventType "swiss"]
[EventRounds "9"]
[EventCountry "RUS"]
[SourceTitle "CBM 056 Extra"]
[Source "ChessBase"]
[SourceDate "1997.03.01"]
[SourceVersion "1"]
[SourceVersionDate "1997.03.01"]
[SourceQuality "1"]

1. e4 g6 2. d4 Bg7 3. c4 d6 4. Nc3 Nc6 5. Be3 e5 6. Nge2 f5 7. exf5 gxf5 8. dxe5 dxe5 9. Qxd8+ Nxd8 10. f4 Ne6 11. fxe5 Bxe5 12. 0-0-0 Nf6 13. h3 0-0 14. Nd4 f4 15. Bf2 Rd8 16. Nf3 Bxc3 17. Rxd8+ Nxd8 18. bxc3 Ne4 19. Be1 Nf7 20. Bd3 Nc5 21. Bc2 Be6 22. Bb3 a5 23. Nd4 a4 24. Nxe6 axb3 25. Nxc5 bxa2 26. Nb3 a1Q+ 27. Nxa1 Rxa1+ 28. Kb2 Ra6 29. Bd2 0-1

[Event "Moscow Alekhine op"]
[Site "Moscow"]
[Date "1996.??.??"]
[Round "9"]
[White "Krasnov, Sergey"]
[Black "Feoktistov, Alexey A"]
[Result "1-0"]
[WhiteElo "2340"]
[BlackElo "2270"]
[PlyCount "83"]
[EventDate "1996.??.??"]
[EventType "swiss"]
[EventRounds "9"]
[EventCountry "RUS"]
[SourceTitle "EXT 1998"]
[Source "ChessBase"]
[SourceDate "1997.11.17"]
[SourceVersion "1"]
[SourceVersionDate "1997.11.17"]
[SourceQuality "1"]

1. e4 Nf6 2. Nc3 d5 3. e5 Nfd7 4. f4 e6 5. d4 c5 6. Nf3 Nc6 7. Be3 Qb6 8. Na4 Qa5+ 9. c3 cxd4 10. b4 Nxb4 11. cxb4 Bxb4+ 12. Bd2 g5 13. Rb1 Bxd2+ 14. Nxd2 gxf4 15. Bb5 Kf8 16. 0-0 Nxe5 17. Rxf4 a6 18. Bf1 b5 19. Nf3 Ng6 20. Qxd4 Qc7 21. Rf6 Rg8 22. Nb6 Rb8 23. Nxc8 Rxc8 24. Ng5 Ke8 25. Nxe6 Qc3 26. Qxc3 Rxc3 27. Nd4 Ra3 28. Rxa6 Rxa6 29. Bxb5+ Ke7 30. Bxa6 Ra8 31. Rb6 Ne5 32. a4 Nd7 33. Nf5+ Kd8 34. Rc6 Ne5 35. Rd6+ Kc7 36. Bb5 Rg8 37. Rxd5 f6 38. h3 Rg5 39. Ne3 h5 40. Kf1 h4 41. a5 Ng4 42. Rxg5 1-0

[Event "Moscow-ch"]
[Site "Moscow"]
[Date "1996.??.??"]
[Round "7"]
[White "Krasnov, Sergey"]
[Black "Gutov, Andrey"]
[Result "1-0"]
[WhiteElo "2295"]
[BlackElo "2195"]
[PlyCount "53"]
[EventDate "1996.08.??"]
[EventType "swiss"]
[EventRounds "11"]
[EventCountry "RUS"]
[SourceTitle "CBM 055 Extra"]
[Source "ChessBase"]
[SourceDate "1997.01.01"]
[SourceVersion "1"]
[SourceVersionDate "1997.01.01"]
[SourceQuality "1"]

1. Nf3 Nf6 2. d4 g6 3. c4 Bg7 4. Nc3 0-0 5. Bg5 h6 6. Bh4 g5 7. Bg3 Nh5 8. e3 f5 9. Nd2 Nxg3 10. hxg3 d6 11. Qb3 e6 12. Be2 c6 13. g4 f4 14. 0-0-0 Qb6 15. Nce4 d5 16. Nc5 Qc7 17. Nf3 b6 18. Nd3 fxe3 19. fxe3 Nd7 20. Qc2 Ba6 21. Nb4 Bb7 22. Nxg5 hxg5 23. Qh7+ Kf7 24. Rdf1+ Ke8 25. Qxg7 Rc8 26. Rh7 Qd6 27. Qxd7+ 1-0

[Event "Moscow-ch"]
[Site "Moscow"]
[Date "1996.??.??"]
[Round "3"]
[White "Krasnov, Sergey"]
[Black "Kalugin, Sergey V"]
[Result "0-1"]
[WhiteElo "2295"]
[BlackElo "2460"]
[PlyCount "72"]
[EventDate "1996.08.??"]
[EventType "swiss"]
[EventRounds "11"]
[EventCountry "RUS"]
[SourceTitle "CBM 055 Extra"]
[Source "ChessBase"]
[SourceDate "1997.01.01"]
[SourceVersion "1"]
[SourceVersionDate "1997.01.01"]
[SourceQuality "1"]

1. Nf3 c5 2. c4 b6 3. g3 Nf6 4. Bg2 Bb7 5. Nc3 e6 6. 0-0 Be7 7. b3 0-0 8. Bb2 d6 9. e3 a6 10. Rc1 b5 11. cxb5 axb5 12. d4 Qb6 13. dxc5 dxc5 14. Qc2 Rd8 15. Rfd1 Na6 16. Qe2 Nc7 17. Ne5 Ncd5 18. Ng4 Ne8 19. e4 Nxc3 20. Bxc3 b4 21. Ba1 Qa6 22. Nh6+ gxh6 23. Qg4+ Kf8 24. Qh5 Rxd1+ 25. Rxd1 Qxa2 26. h4 Qxb3 27. Be5 Rd8 28. Qxh6+ Kg8 29. Rxd8 Bxd8 30. Qd2 Bf6 31. Bxf6 Nxf6 32. Qg5+ Kf8 33. Qxf6 Qd1+ 34. Kh2 Qd4 35. Qf4 Bc6 36. Qb8+ Ke7 0-1

[Event "Moscow Alekhine op"]
[Site "Moscow"]
[Date "1996.??.??"]
[Round "7"]
[White "Krasnov, Sergey"]
[Black "Krivonogov, Alexander"]
[Result "0-1"]
[WhiteElo "2340"]
[BlackElo "2250"]
[PlyCount "88"]
[EventDate "1996.??.??"]
[EventType "swiss"]
[EventRounds "9"]
[EventCountry "RUS"]
[SourceTitle "EXT 1999"]
[Source "ChessBase"]
[SourceDate "1998.11.16"]
[SourceVersion "1"]
[SourceVersionDate "1998.11.16"]
[SourceQuality "1"]

1. Nf3 Nf6 2. d4 g6 3. Bg5 Bg7 4. Nbd2 d5 5. e3 c5 6. c3 Nbd7 7. h3 0-0 8. Bd3 b6 9. 0-0 Bb7 10. Qc2 Rc8 11. Rfe1 a6 12. Qb1 b5 13. a3 Qb6 14. Ne5 Nxe5 15. dxe5 Nd7 16. f4 f6 17. exf6 exf6 18. Bh4 f5 19. Nf3 Rce8 20. Bc2 a5 21. Qa2 Kh8 22. Kh2 Qc6 23. Rad1 Nb6 24. Bd3 h6 25. Re2 Re6 26. Bf2 Rfe8 27. Rde1 Nc8 28. a4 bxa4 29. Bc2 Nb6 30. Rd2 a3 31. Bd3 axb2 32. Rxb2 c4 33. Reb1 Qc7 34. Bc2 Bxc3 35. Ne5 Ba8 36. Rb5 Nd7 37. Nf3 Bc6 38. Qa3 Rxe3 39. Bxe3 Rxe3 40. Rb8+ Nxb8 41. Qf8+ Kh7 42. Qxb8 Qxb8 43. Rxb8 d4 44. Ne5 Rxe5 0-1

[Event "Moscow IM5"]
[Site "Moscow"]
[Date "1996.??.??"]
[Round "?"]
[White "Piankov, Evgenij"]
[Black "Krasnov, Sergey"]
[Result "1-0"]
[WhiteElo "2410"]
[BlackElo "2340"]
[PlyCount "45"]
[EventDate "1996.??.??"]
[EventType "tourn"]
[EventRounds "8"]
[EventCountry "RUS"]
[EventCategory "4"]
[SourceTitle "EXT 2000"]
[Source "ChessBase"]
[SourceDate "1999.11.16"]
[SourceVersion "1"]
[SourceVersionDate "1999.11.16"]
[SourceQuality "1"]

1. d4 Nf6 2. Nf3 e6 3. g3 c5 4. Bg2 Nc6 5. 0-0 d5 6. c4 dxc4 7. Qa4 cxd4 8. Nxd4 Bd7 9. Nxc6 bxc6 10. Qxc4 Nd5 11. e4 Nb6 12. Qc2 Be7 13. Bf4 0-0 14. Nd2 Qc8 15. Rac1 Qa6 16. Rfd1 Rfd8 17. Bf1 Qb7 18. Nb3 a5 19. Nc5 Bxc5 20. Qxc5 h6 21. Rd3 g5 22. Be3 Nc8 23. Bxg5 1-0

[Event "Moscow Alekhine op"]
[Site "Moscow"]
[Date "1996.??.??"]
[Round "2"]
[White "Voitsekhovsky, Stanislav"]
[Black "Krasnov, Sergey"]
[Result "0-1"]
[WhiteElo "2485"]
[BlackElo "2340"]
[PlyCount "88"]
[EventDate "1996.??.??"]
[EventType "swiss"]
[EventRounds "9"]
[EventCountry "RUS"]
[SourceTitle "EXT 1999"]
[Source "ChessBase"]
[SourceDate "1998.11.16"]
[SourceVersion "1"]
[SourceVersionDate "1998.11.16"]
[SourceQuality "1"]

1. e4 g6 2. d4 Bg7 3. Nc3 d6 4. Be3 c6 5. Qd2 Qa5 6. f4 Nf6 7. Nf3 0-0 8. Bd3 Nbd7 9. 0-0 Ng4 10. e5 Qb6 11. Na4 Qc7 12. Rac1 b5 13. Nc3 Nb6 14. Bf2 Nxf2 15. Qxf2 b4 16. Ne4 Nd5 17. Neg5 h6 18. Qh4 f5 19. exf6 Rxf6 20. Ne4 Rxf4 21. Qf2 Bg4 22. Qg3 Raf8 23. Nh4 Bxd4+ 24. Kh1 Be5 25. Rxf4 Rxf4 26. Nxg6 Rf1+ 27. Rxf1 Bxg3 28. Nxg3 Nf6 29. h3 d5 30. Nf5 Bxf5 31. Rxf5 Kf7 32. Re5 e6 33. Nh8+ Ke7 34. Bf5 Qxe5 35. Ng6+ Kd6 36. Nxe5 Kxe5 37. Bg6 Kf4 38. Kh2 e5 39. g4 e4 40. Kg2 c5 41. Kf2 d4 42. Bf7 Nd7 43. Be6 Ne5 44. Ke2 c4 0-1

[Event "Moscow op2"]
[Site "Moscow"]
[Date "1995.??.??"]
[Round "2"]
[White "Krasnov, Sergey"]
[Black "Burmakin, Vladimir"]
[Result "0-1"]
[WhiteElo "2345"]
[BlackElo "2500"]
[PlyCount "40"]
[EventDate "1995.11.??"]
[EventType "swiss"]
[EventRounds "9"]
[EventCountry "RUS"]
[SourceTitle "CBM 050 Extra"]
[Source "ChessBase"]
[SourceDate "1996.03.01"]
[SourceVersion "1"]
[SourceVersionDate "1996.03.01"]
[SourceQuality "1"]

1. Nf3 d5 2. g3 Nf6 3. Bg2 Nbd7 4. 0-0 e5 5. d3 Bd6 6. Nbd2 0-0 7. e4 c6 8. b3 Re8 9. Bb2 Nf8 10. Nh4 Bc7 11. h3 Be6 12. Qe2 Qd7 13. Kh2 h6 14. Rfd1 N6h7 15. Re1 d4 16. Qf1 Bd8 17. Nhf3 f6 18. Ng1 Bf7 19. Qe2 Kh8 20. Rf1 c5 0-1

[Event "Moscow op"]
[Site "Moscow"]
[Date "1995.??.??"]
[Round "2"]
[White "Krasnov, Sergey"]
[Black "Vorotnikov, Vladislav V"]
[Result "1/2-1/2"]
[WhiteElo "2360"]
[BlackElo "2460"]
[PlyCount "83"]
[EventDate "1995.??.??"]
[EventType "swiss"]
[EventRounds "9"]
[EventCountry "RUS"]
[SourceTitle "EXT 2000"]
[Source "ChessBase"]
[SourceDate "1999.11.16"]
[SourceVersion "1"]
[SourceVersionDate "1999.11.16"]
[SourceQuality "1"]

1. Nf3 d6 2. e4 Nf6 3. Nc3 Bg4 4. d4 c6 5. Be2 e6 6. 0-0 d5 7. Ne5 Bxe2 8. Qxe2 dxe4 9. Nxe4 Nxe4 10. Qxe4 Nd7 11. Bf4 Nf6 12. Qd3 Be7 13. Rfe1 0-0 14. Rad1 Qa5 15. a3 Rad8 16. c4 c5 17. Qf3 Rxd4 18. Qxb7 Rxf4 19. Qxe7 Rd4 20. Rb1 Rd2 21. Re3 Qd8 22. Qxc5 Rxb2 23. Rf1 Qb6 24. Qe7 Qd4 25. h3 Rxf2 26. Kxf2 Ne4+ 27. Ke2 Qxe5 28. Rff3 f5 29. Qxa7 Rb8 30. Rb3 Rd8 31. Qe3 Qa1 32. Rd3 Rb8 33. Rb3 Qa2+ 34. Ke1 Rd8 35. Rd3 Qb1+ 36. Ke2 Qc2+ 37. Ke1 Rb8 38. Rb3 Rd8 39. Rd3 Qb1+ 40. Ke2 Rb8 41. Rb3 Qa2+ 42. Ke1 1/2-1/2

[Event "Moscow-ch"]
[Site "Moscow"]
[Date "1994.??.??"]
[Round "?"]
[White "Krasnov, Sergey"]
[Black "Gavrilov, Alexei"]
[Result "0-1"]
[WhiteElo "2325"]
[BlackElo "2425"]
[PlyCount "73"]
[EventDate "1994.??.??"]
[EventType "swiss"]
[EventRounds "9"]
[EventCountry "RUS"]
[SourceTitle "CBM 043 Extra"]
[Source "ChessBase"]
[SourceDate "1995.01.01"]
[SourceVersion "1"]
[SourceVersionDate "1995.01.01"]
[SourceQuality "1"]

1. d4 d6 2. e4 Nf6 3. Nc3 g6 4. Bg5 h6 5. Be3 Ng4 6. Bf4 e5 7. dxe5 Nxe5 8. Bxe5 dxe5 9. Qxd8+ Kxd8 10. 0-0-0+ Nd7 11. Bc4 Rh7 12. Nge2 c6 13. Rhf1 Bc5 14. f4 exf4 15. Nxf4 Ke7 16. e5 Be3+ 17. Kb1 Bxf4 18. Rxf4 Nxe5 19. Re1 f6 20. Ne4 Bf5 21. Ng3 Be6 22. Bxe6 Kxe6 23. Ne4 f5 24. Nc5+ Kd6 25. b4 Re8 26. g4 b6 27. Na6 fxg4 28. Rd4+ Ke6 29. Rxg4 Kf5 30. Rge4 Rhe7 31. c4 g5 32. c5 h5 33. a4 g4 34. b5 cxb5 35. axb5 bxc5 36. Nxc5 Rc8 37. Nd3 0-1

[Event "Moscow op"]
[Site "Moscow"]
[Date "1994.??.??"]
[Round "5"]
[White "Krasnov, Sergey"]
[Black "Lebedev, Vasili"]
[Result "1/2-1/2"]
[WhiteElo "2325"]
[BlackElo "2255"]
[PlyCount "136"]
[EventDate "1994.??.??"]
[EventType "swiss"]
[EventRounds "9"]
[EventCountry "RUS"]
[SourceTitle "EXT 1997"]
[Source "ChessBase"]
[SourceDate "1996.11.15"]
[SourceVersion "1"]
[SourceVersionDate "1996.11.15"]
[SourceQuality "1"]

1. Nf3 d5 2. g3 Nf6 3. Bg2 c6 4. 0-0 g6 5. b3 Bg7 6. Bb2 0-0 7. d3 Nbd7 8. c4 Re8 9. Qc2 e5 10. e3 Qc7 11. Nbd2 dxc4 12. Nxc4 Nd5 13. a3 N5b6 14. Ncd2 Nf8 15. d4 exd4 16. Bxd4 Ne6 17. Bxg7 Nxg7 18. Ne4 Qe7 19. Nd4 Nf5 20. Qb2 Nd5 21. Rfd1 Nxd4 22. Rxd4 Bf5 23. Rad1 Bxe4 24. Bxe4 Nb6 25. Bg2 Rad8 26. b4 Rxd4 27. Qxd4 Qe5 28. Qd3 Re7 29. Qd8+ Re8 30. Qd3 Re7 31. Qc2 Rd7 32. Rxd7 Nxd7 33. Bf1 Nb6 34. h4 a5 35. bxa5 Qxa5 36. Qb2 Qc5 37. Be2 Qa5 38. Bf1 Qc5 39. Be2 Qa5 40. h5 gxh5 41. Bd3 Nd5 42. Qxb7 Qxa3 43. Qc8+ Kg7 44. Qf5 Qc3 45. Qg5+ Kh8 46. Qh6 Nf6 47. Qf8+ Ng8 48. Be4 Qf6 49. Qc5 Ne7 50. Qxh5 h6 51. Qc5 Kg7 52. Kg2 Qg5 53. Qd4+ Qf6 54. Qc4 Qe6 55. Qd4+ Qf6 56. Qb4 Qe5 57. f4 Qe6 58. Kf3 Nd5 59. Qd4+ Nf6 60. Bd3 Qg4+ 61. Kf2 Qd1 62. Be2 Qc2 63. g4 c5 64. Qe5 Kg6 65. Qd6 Kg7 66. Qe5 Kg6 67. Qd6 Kg7 68. Qe5 Kg6 1/2-1/2

[Event "Moscow op"]
[Site "Moscow"]
[Date "1994.??.??"]
[Round "7"]
[White "Krasnov, Sergey"]
[Black "Rychagov, Andrey"]
[Result "0-1"]
[WhiteElo "2325"]
[BlackElo "2295"]
[PlyCount "110"]
[EventDate "1994.??.??"]
[EventType "swiss"]
[EventRounds "9"]
[EventCountry "RUS"]
[SourceTitle "EXT 1997"]
[Source "ChessBase"]
[SourceDate "1996.11.15"]
[SourceVersion "1"]
[SourceVersionDate "1996.11.15"]
[SourceQuality "1"]

1. Nf3 d5 2. g3 Bg4 3. Bg2 c6 4. b3 Nd7 5. Bb2 Ngf6 6. 0-0 e6 7. d3 Bd6 8. Nbd2 0-0 9. e4 e5 10. h3 Bxf3 11. Bxf3 Re8 12. Bg2 Qc7 13. Qe2 a5 14. a3 Nf8 15. Nf3 Rad8 16. Rfe1 d4 17. Nh4 b5 18. Bc1 c5 19. Nf5 c4 20. bxc4 bxc4 21. dxc4 Bc5 22. Bg5 Qc6 23. Qf3 N8d7 24. Bf1 Rb8 25. Bd3 Bf8 26. g4 Nc5 27. Bd2 a4 28. g5 Nfd7 29. Bf1 Rb2 30. Qd1 Ne6 31. Bc1 Rbb8 32. Qg4 Nb6 33. h4 Nxc4 34. h5 g6 35. Nh6+ Bxh6 36. gxh6 Nb6 37. Bd3 Nd7 38. Qf3 Qc3 39. Be3 dxe3 40. fxe3 Qc5 41. Rf1 Qe7 42. hxg6 fxg6 43. Bc4 Qg5+ 44. Kf2 Qxh6 45. Ke2 Qg7 46. Bd5 Nb6 47. Ba2 Rbc8 48. Kd1 Qd7+ 49. Kc1 Rf8 50. Qe2 Rxf1+ 51. Qxf1 Kg7 52. Rb1 Qc6 53. Qd3 Nc5 54. Qe2 Nxe4 55. Qh2 Qc5 0-1

[Event "Moscow op"]
[Site "Moscow"]
[Date "1994.??.??"]
[Round "2"]
[White "Mitenkov, Alexey"]
[Black "Krasnov, Sergey"]
[Result "1/2-1/2"]
[WhiteElo "2445"]
[BlackElo "2325"]
[PlyCount "106"]
[EventDate "1994.??.??"]
[EventType "swiss"]
[EventRounds "9"]
[EventCountry "RUS"]
[SourceTitle "EXT 1997"]
[Source "ChessBase"]
[SourceDate "1996.11.15"]
[SourceVersion "1"]
[SourceVersionDate "1996.11.15"]
[SourceQuality "1"]

1. d4 Nf6 2. c4 d6 3. Nc3 Nbd7 4. e4 e5 5. Nf3 Be7 6. Be2 0-0 7. 0-0 exd4 8. Nxd4 Nc5 9. Qc2 a5 10. Be3 Re8 11. Nb3 Nxb3 12. axb3 Ng4 13. Bxg4 Bxg4 14. Nd5 Bf8 15. b4 a4 16. b5 c5 17. Rxa4 Rxa4 18. Qxa4 Be2 19. Re1 Bd3 20. f3 f5 21. b6 fxe4 22. Bg5 Qc8 23. Nc7 Re5 24. Bf4 Rf5 25. Bg3 Rf7 26. fxe4 Qg4 27. Qd1 Qxd1 28. Rxd1 Bxc4 29. h3 Rf6 30. Ne8 Re6 31. Nxd6 Bxd6 32. Bxd6 Rxe4 33. Bxc5 Bb5 34. Rd8+ Kf7 35. Rc8 Re1+ 36. Kh2 Rd1 37. Kg3 Rd2 38. b4 Ke6 39. Rc7 Rd7 40. Kh4 Bf1 41. g3 g6 42. Be3 Bg2 43. Rc2 Bf1 44. Rf2 Rf7 45. Bf4 Bb5 46. Rf3 Rf5 47. Re3+ Kf6 48. Bc7 Rh5+ 49. Kg4 Bd7+ 50. Kf4 g5+ 51. Kf3 Rxh3 52. Rd3 Be6 53. Kg2 Rh6 1/2-1/2